| 000 | 00455pab a2200181 454500 | ||
|---|---|---|---|
| 008 | 180718b2013 xxu||||| |||| 00| 0 eng d | ||
| 100 | _aDey, Debanjana | ||
| 245 | _aChange in land-use pattern of East Kolkata wetlands: Concern and consequences | ||
| 260 | _c2013 | ||
| 300 | _ap.154-174. | ||
| 362 | _aJun | ||
| 650 | _aWetlands | ||
| 650 | _aLand use | ||
| 700 | _aBanerjee, Sarmila | ||
| 773 | _aUrban India | ||
| 908 | _aN | ||
| 909 | _a104265 | ||
| 999 |
_c104261 _d104261 |
||